00249nam a2200097Ia 4500008004100000100001800041245002800059250001200087260002500099650002700124190216s9999||||xx |||||||||||||| ||und|| aPanchishkin.A 0aTrigonometric Functions a1st Ed. bMir Publishersc1988 aMathematical Geography